00357nam a2200133Ia 4500008004100000041000800041082001500049100002200064245003900086250001400125260004400139300003300183365000700216240624s9999 xx 000 0 und d aeng a658.15 SHA aSHARAN VYUPTAKESH aINTERNATIONAL FINANCIAL MANAGEMENT a(4th ed.) c2006aNew DelhibPrentice-Hall of India axviii, : 538 : p. : cm. ; 24 cRS